000 00640nam a2200217Ia 4500
005 20250508164733.0
008 008 250505s9999 xx 000 0 eng d
020 _a978-0-470-29256-3
037 _aReference
040 _aFEDL
_beng
_cFEDL
041 _aeng
_2eng
084 _a370, ART/RR
_qFEDL
100 _aArthur James Ed.
_934304
245 0 _aCitizenship education. 4 Vols
260 _aLos Angeles, USA
_bSage
_c2008
365 _aGBP
_b575
490 _aSage library of educational thought and practice
_vVol 1
700 _a Davies Ian Ed.
_9779027
942 _cREF
_h370, ART/RR
999 _c1390837
_d1390837